STN EN ISO 14025/Z1: Environmentálne značky a vyhlásenia environmentálne vyhlásenia typu III

Na minha lista:
Detalhes bibliográficos
Formato: Livro
Idioma:eslovaco
Publicado em: Bratislava Slovenský ústav technickej normalizácie 2010
Assuntos:
Tags: Adicionar Tag
Sem tags, seja o primeiro a adicionar uma tag!

MARC

LEADER 00000nam a2200000 4500
001 0269498
005 20230109114931.9
041 0 |a slo 
044 |a SK 
245 1 0 |a STN EN ISO 14025/Z1: Environmentálne značky a vyhlásenia  |b environmentálne vyhlásenia typu III 
264 1 |a Bratislava  |b Slovenský ústav technickej normalizácie  |c 2010 
300 |a 4 s. 
500 |a Táto norma je slovenskou verziou európskej normy EN ISO 14025: 2010. 
610 2 0 |a značky environmentálne 
610 2 0 |a normy medzinárodné